Влияние высокодозной ионной имплантации и акустических колебаний на деформационное поведение и износостойкость стали 45; Известия Томского политехнического университета [Известия ТПУ]; Т. 307, № 4
| Parent link: | Известия Томского политехнического университета [Известия ТПУ]/ Томский политехнический университет (ТПУ).— , 2000- Т. 307, № 4.— 2004.— [С. 121-125] |
|---|---|
| Κύριος συγγραφέας: | |
| Άλλοι συγγραφείς: | |
| Περίληψη: | Заглавие с титульного листа Электронная версия печатной публикации Исследовано влияние имплантации ионами Fe, Pb, Mo, и Si на деформационные процессы, происходящие в приповерхностных областях Ст. 45 при трении. Показано, что ионная имплантация может в десятки раз снижать величину износа на стадии приработки. Экспериментально установлено, что, демпфируя распространение акустических колебаний, генерируемых трибологической парой, можно существенно уменьшать износ образцов на первой стадии. Предложено объяснение кинетических кривых изнашивания, учитывающее влияние акустических колебаний, генерируемых в трибосистеме. |
| Γλώσσα: | Ρωσικά |
| Έκδοση: |
2004
|
| Σειρά: | Технические науки |
| Θέματα: | |
| Διαθέσιμο Online: | http://www.lib.tpu.ru/fulltext/v/Bulletin_TPU/2004/v307/i4/27.pdf |
| Μορφή: | MixedMaterials Ηλεκτρονική πηγή Κεφάλαιο βιβλίου |
| KOHA link: | https://koha.lib.tpu.ru/cgi-bin/koha/opac-detail.pl?biblionumber=169757 |
MARC
| LEADER | 00000nla2a2200000 4500 | ||
|---|---|---|---|
| 001 | 169757 | ||
| 005 | 20240206124128.0 | ||
| 035 | |a (RuTPU)RU\TPU\book\184121 | ||
| 035 | |a RU\TPU\book\184119 | ||
| 090 | |a 169757 | ||
| 100 | |a 20091117d2004 k y0rusy50 ca | ||
| 101 | 0 | |a rus | |
| 102 | |a RU | ||
| 135 | |a drnn ---uucaa | ||
| 181 | 0 | |a i | |
| 182 | 0 | |a b | |
| 200 | 1 | |a Влияние высокодозной ионной имплантации и акустических колебаний на деформационное поведение и износостойкость стали 45 |f Б. П. Гриценко, О. А. Кашин | |
| 203 | |a Текст |c электронный | ||
| 215 | |a 1 файл (4.7 Мб) | ||
| 225 | 1 | |a Технические науки | |
| 300 | |a Заглавие с титульного листа | ||
| 300 | |a Электронная версия печатной публикации | ||
| 320 | |a [Библиогр.: с. 125 (19 назв.)] | ||
| 330 | |a Исследовано влияние имплантации ионами Fe, Pb, Mo, и Si на деформационные процессы, происходящие в приповерхностных областях Ст. 45 при трении. Показано, что ионная имплантация может в десятки раз снижать величину износа на стадии приработки. Экспериментально установлено, что, демпфируя распространение акустических колебаний, генерируемых трибологической парой, можно существенно уменьшать износ образцов на первой стадии. Предложено объяснение кинетических кривых изнашивания, учитывающее влияние акустических колебаний, генерируемых в трибосистеме. | ||
| 337 | |a Adobe Reader | ||
| 461 | 1 | |0 (RuTPU)RU\TPU\book\176237 |t Известия Томского политехнического университета [Известия ТПУ] |f Томский политехнический университет (ТПУ) |d 2000- | |
| 463 | 1 | |0 (RuTPU)RU\TPU\book\184014 |t Т. 307, № 4 |v [С. 121-125] |d 2004 |p 194 с. | |
| 610 | 1 | |a ионная имплантация | |
| 610 | 1 | |a высокодозная имплантация | |
| 610 | 1 | |a акустические колебания | |
| 610 | 1 | |a трибосистемы | |
| 610 | 1 | |a деформационное поведение | |
| 610 | 1 | |a износостойкость | |
| 610 | 1 | |a сталь | |
| 610 | 1 | |a деформационные процессы | |
| 610 | 1 | |a приповерхностные области | |
| 610 | 1 | |a трение | |
| 610 | 1 | |a износ | |
| 610 | 1 | |a приработки | |
| 610 | 1 | |a трибологические пары | |
| 610 | 1 | |a образцы | |
| 610 | 1 | |a кинетические кривые | |
| 610 | 1 | |a изнашивание | |
| 610 | 1 | |a труды учёных ТПУ | |
| 610 | 1 | |a электронный ресурс | |
| 700 | 1 | |a Гриценко |b Б. П. |c специалист в области светотехники |c профессор Томского политехнического университета, доктор технических наук |f 1949- |g Борис Петрович |3 (RuTPU)RU\TPU\pers\28820 |9 13594 | |
| 701 | 1 | |a Кашин |b О. А. | |
| 801 | 1 | |a RU |b 63413507 |c 20090623 |g PSBO | |
| 801 | 2 | |a RU |b 63413507 |c 20210727 |g PSBO | |
| 856 | 4 | |u http://www.lib.tpu.ru/fulltext/v/Bulletin_TPU/2004/v307/i4/27.pdf | |
| 942 | |c CF | ||